• 首页
  • 本馆介绍
  • 公告通知
  • 最新文献
  • 馆藏检索
  • 电子资源
  • 读者导购
  • 参考咨询
  • 我的图书馆
  • 登录
  • 详细信息显示
  • 放入我的书架
  • 预约/预借图书
  • 作者相关作品
  • 分类相关作品
  • 丛书相关作品
  • 出版社相关作品

书目信息

  • 表格格式
  • 工作单格式
  • 卡片格式
题名:
新时期青少年思想教育
    
 
作者: ;中国教育工会全国委员会 编
分册:  
出版信息: 北京   工人出版社  1981
页数: 97页
开本: 19cm
丛书名:
单 册:
中图分类: G432.62 , G41
科图分类:
主题词: 青少年教育:思想政治教育 , 思想政治教育--学校教育 , 思想政治教育:青少年教育
电子资源:
ISBN:
000 00802nam0 2200265 45
001 0181007156
005 20060912112352.10
010    @dCNY0.24
091    @a7007.81
100    @a19950227d1981 em y0chiy0121 ea
101 0  @achi
102    @aCN@b110000
105    @ay z 000yy
200 10 @a新时期青少年思想教育@Axin shi qi qing shao nian si xiang jiao yu@f中国教育工会全国委员会编
210    @a北京@c工人出版社@d1981
215    @a97页@d19cm
606    @a青少年教育:思想政治教育
606 0  @a思想政治教育--学校教育
606    @a思想政治教育:青少年教育
690    @aG432.62@v3
690    @aG41
711 02 @a中国教育工会全国委员会@Azhong guo jiao yu gong hui quan guo wei yuan hui@4编
801  2 @aCN@bNLC@c20060912
801  0 @aCN@b上海图书馆@c20060820
905    @f4@b44797-800@dG41@e16
    
    新时期青少年思想教育/中国教育工会全国委员会编.-北京:工人出版社,1981
    97页;19cm
    
    
    ISBN :CNY0.24
    
●
相关链接 在E读中查询图书 在五车中查询图书 在当当中查询图书 在豆瓣中查询图书


正题名:新时期青少年思想教育     索取号:G41/16         预约/预借

序号 登录号 条形码 馆藏地/架位号 状态 备注
1 0044797   000268971   第四借阅区/ [索取号:G41/16] 在馆    
2 0044798   000268999   第一样本阅览室/ [索取号:G41/16] 在馆    
3 0044799   000268980   密集书库/ [索取号:G41/16] 在馆    
4 0044800   000269042   密集书库/ [索取号:G41/16] 在馆    
5 0469189   204691896   密集书库/ [索取号:G41/16] 在馆    
6 0471677   204716771   密集书库/ [索取号:G41/16] 在馆    
7 0473992   204739925   密集书库/ [索取号:G41/16] 在馆    
唐山师范学院图书馆 欢迎您!
大连网信软件有限公司© 版权所有